Normal view MARC view
  • Campero Cuenca, Carmen

Entry Nombre Personal

Number of records used in: 26

001 - NUMERO DE CONTROL

  • campo de control: 28633

003 - IDENTIFICADOR DE NUMERO DE CONTROL

  • campo de control: DLC

005 - FECHA Y HORA DE LA ÜLTIMA TRANSACCIÓN

  • campo de control: 20250206114902.0

008 - DATOS DE LONGITUD FIJA

  • campo de control de longitud fija: 100225n| acannaabn |a aaa c

010 ## - NÚMERO DE CONTROL DE LA BIBLIOTECA DEL CONGRESO

  • Número de control LC: no2010032851

035 ## - NUMERO DE CONTROL

  • Número de control: (OCoLC)oca08406752

040 ## - FUENTE DE CATALOGACIÓN

  • Agencia original de catalogación: MX-MxBN
  • Lenguaje de catalogación: eng
  • Agencia de transcripción: MX-MxBN
  • Agencia que lo modifica: MX-MxUPN

100 1# - ENCABEZAMIENTO - NOMBRE PERSONAL

  • Nombre personal: Campero Cuenca, Carmen

372 ## - CAMPO DE ACTIVIDAD

  • Field of activity: Educación de adultos

373 ## - GRUPO ASOCIADO

  • Associated group: Universidad Pedagógica Nacional (México)
  • Fuente del término: naf

374 ## - OCUPACIÓN

  • Occupation: Profesora investigadora

377 ## - LENGUA ASOCIADA

  • Language code: spa

400 1# - VEÁSE - NOMBRE DE PERSONA

  • Personal name: Campero, Carmen

400 1# - VEÁSE - NOMBRE DE PERSONA

  • Personal name: Campero Cuenca, María del Carmen

670 ## - FUENTE EN LA QUE SE LOCALIZARON DATOS

  • Cita de la fuente: Hacia el fortalecimiento de la educación de personas jóvenes y adultas en México..., 2009:
  • Información localizada: portada (Carmen Campero Cuenca)

670 ## - FUENTE EN LA QUE SE LOCALIZARON DATOS

  • Cita de la fuente: Memoria III Foro Nacional La Educación de Personas Jóvenes y Adultas Frente al Cambio de Gobierno, 2006:
  • Información localizada: portada (Carmen Campero, coordinación)

670 ## - FUENTE EN LA QUE SE LOCALIZARON DATOS

  • Cita de la fuente: Recuperando experiencias para construir nuevos caminos, 2000:
  • Información localizada: portada (Ma. del Carmen Campero Cuenca)

902 ## - CATALOGADOR

  • Catalogador: Víctor Ruiz/060525